Loading...
| History - Ancient History | 1 | 2 | 0 | 2 | 35 | 72 | 110.67 | 3 | 3 |
| Social Science | 0 | 4 | 1 | 2 | 35 | 81 | 94.50 | 4 | 4 |
| Current Events | 0 | 3 | 0 | 2 | 30 | 70 | 105.33 | 0 | 3 |
| Science - Biology | 0 | 3 | 0 | 1 | 30 | 83 | 95.67 | 1 | 3 |
| History - World History | 2 | 0 | 0 | 0 | 30 | 29 | 39.00 | 1 | 2 |
| History - European History | 1 | 1 | 0 | 1 | 25 | 71 | 94.50 | 1 | 2 |
| Beliefs | 1 | 1 | 0 | 1 | 25 | 71 | 111.50 | 2 | 2 |
| Philosophy | 1 | 1 | 0 | 1 | 25 | 70 | 95.50 | 1 | 2 |
| Geography | 0 | 2 | 0 | 0 | 20 | 79 | 85.00 | 1 | 2 |
| Science - Chemistry | 0 | 1 | 0 | 1 | 10 | 123 | 123.00 | 1 | 1 |
| History - Other History | 0 | 1 | 0 | 0 | 10 | 82 | 82.00 | 1 | 1 |
| Fine Arts - Other Arts | 1 | 0 | 2 | 0 | 5 | 91 | 91.00 | 1 | 1 |
| History - American History | 0 | 0 | 2 | 0 | -10 | 0.00 | 0 | 0 |